The great wheel / (Record no. 1865)

MARC details
000 -LEADER
fixed length control field 01552cam a2200385 a 4500
001 - CONTROL NUMBER
control field 1865
003 - CONTROL NUMBER IDENTIFIER
control field FISKH
005 - DATE AND TIME OF LATEST TRANSACTION
control field 20231006160141.0
008 - FIXED-LENGTH DATA ELEMENTS--GENERAL INFORMATION
fixed length control field 041109r20041957nyua c 000 1 eng
010 ## - LIBRARY OF CONGRESS CONTROL NUMBER
LC control number 2004061182
020 ## - INTERNATIONAL STANDARD BOOK NUMBER
International Standard Book Number 0802777058 (pbk.)
040 ## - CATALOGING SOURCE
Original cataloging agency DLC
Transcribing agency DLC
Modifying agency DLC
Language of cataloging eng
042 ## - AUTHENTICATION CODE
Authentication code lcac
050 00 - LIBRARY OF CONGRESS CALL NUMBER
Classification number PZ7.L4384
Item number Gr 2004
082 00 - DEWEY DECIMAL CLASSIFICATION NUMBER
Classification number 813
Edition number 22
100 1# - MAIN ENTRY--PERSONAL NAME
Personal name Lawson, Robert,
Dates associated with a name 1892-1957.
245 14 - TITLE STATEMENT
Title The great wheel /
Statement of responsibility, etc. text and illustrations by Robert Lawson ; foreword by Richard Peck.
260 ## - PUBLICATION, DISTRIBUTION, ETC.
Place of publication, distribution, etc. New York :
Name of publisher, distributor, etc. Walker,
Date of publication, distribution, etc. 2004.
300 ## - PHYSICAL DESCRIPTION
Extent 180 pages :
Other physical details illustrations ;
Dimensions 20 cm.
505 ## - FORMATTED CONTENTS NOTE
Formatted contents note Z'<br/>
520 ## - SUMMARY, ETC.
Summary, etc. Eighteen-year-old Conn leaves Ireland and sails to America, where he helps build the first Ferris wheel for the World's Columbian Exposition of 1893.
521 1# - TARGET AUDIENCE NOTE
Target audience note 990<br/>
Source Lexile<br/>
521 1# - TARGET AUDIENCE NOTE
Target audience note Z'<br/>
Source Raz-Plus<br/>
586 ## - AWARDS NOTE
Awards note Newbery Honor Book, 1958.
611 21 - SUBJECT ADDED ENTRY--MEETING NAME
Meeting name or jurisdiction name as entry element World's Columbian Exposition
Date of meeting or treaty signing (1893 :
Location of meeting Chicago, Ill.)
Form subdivision Fiction.
650 #1 - SUBJECT ADDED ENTRY--TOPICAL TERM
Topical term or geographic name entry element Ferris wheels
Form subdivision Fiction.
650 #1 - SUBJECT ADDED ENTRY--TOPICAL TERM
Topical term or geographic name entry element Immigrants
Form subdivision Fiction.
650 #1 - SUBJECT ADDED ENTRY--TOPICAL TERM
Topical term or geographic name entry element Irish Americans
Form subdivision Fiction.
651 #1 - SUBJECT ADDED ENTRY--GEOGRAPHIC NAME
Geographic name Ireland
General subdivision Emigration and immigration
Form subdivision Fiction.
856 42 - ELECTRONIC LOCATION AND ACCESS
Materials specified Contributor biographical information
Uniform Resource Identifier <a href="http://www.loc.gov/catdir/enhancements/fy0619/2004061182-b.html">http://www.loc.gov/catdir/enhancements/fy0619/2004061182-b.html</a>
856 42 - ELECTRONIC LOCATION AND ACCESS
Materials specified Publisher description
Uniform Resource Identifier <a href="http://www.loc.gov/catdir/enhancements/fy0619/2004061182-d.html">http://www.loc.gov/catdir/enhancements/fy0619/2004061182-d.html</a>
906 ## - LOCAL DATA ELEMENT F, LDF (RLIN)
a 7
b cbc
c orignew
d 1
e ocip
f 20
g y-gencatlg
942 ## - ADDED ENTRY ELEMENTS (KOHA)
Source of classification or shelving scheme Dewey Decimal Classification
Koha item type Books
Suppress in OPAC No
Holdings
Withdrawn status Lost status Source of classification or shelving scheme Damaged status Not for loan Collection Home library Current library Shelving location Date acquired Total Checkouts Full call number Barcode Date last seen Price effective from Koha item type
    Dewey Decimal Classification     Juvenile Fiction Footprints International School Library Network Toul Kork Campus Footprints International School Library Network Toul Kork Campus   10/06/2023   LAW 813 PZ7.L4384 FISTK00167 10/06/2023 10/06/2023 Books